Shuka Sho Winning Horse - Statistics

General Stats
  • This quiz has been taken 4 times
  • The average score is 14 of 28
Answer Stats
Answer % Correct
Almond Eye アーモンドアイ
100%
Apapane アパパネ
100%
Daiwa Scarlet ダイワスカーレット
100%
Gentildonna ジェンティルドンナ
100%
Kawakami Princess カワカミプリンセス
100%
Liberty Island リバティアイランド
100%
Sweep Tosho スイープトウショウ
100%
Chrono Genesis クロのジェネシス
67%
Daring Tact デアリングタキト
67%
Meisho Mambo メイショウマンボ
67%
Still in Love スティルインラブ
67%
Vivlos ヴィブロス
67%
Air Messiah エアメサイア
33%
Akaitorino Musume アカイトリノムスメ
33%
Black Emblem ブラックエンブレム
33%
Buzen Candel ブゼンキャンドル
33%
Mejiro Dober メジロドーベル
33%
Mikki Queen ミッキークイーン
33%
Phalaenopsis ファレノプシス
33%
Red Desire レッドディザイア
33%
Stunning Rose スタニングローズ
33%
Tico Tico Tac ティコティコタック
33%
T M Ocean テイエムオーシャン
33%
Aventura アヴェンチュラ
0%
Deirdre ディアドラ
0%
Fabulous la Fouine ファビラスラフイン
0%
Fine Motion ファインモーション
0%
Shonan Pandora ショウナンパンドラ
0%
No matching quizzes found
Score Distribution
Percent of People with Each Score
Percentile by Number Answered
Your Score History
You have not taken this quiz